Mechanics 0f composite structural elements

Zapisane w:
Opis bibliograficzny
1. autor: Altenbach, H.
Format: Książka
Język:Undetermined
Wydane: New York Springer 2004
Hasła przedmiotowe:
Etykiety: Dodaj etykietę
Nie ma etykietki, Dołącz pierwszą etykiete!
Thư viện lưu trữ: Trung tâm Học liệu Trường Đại học Cần Thơ
LEADER 00551nam a2200205Ia 4500
001 CTU_97527
008 210402s9999 xx 000 0 und d
020 |c 137.74 
082 |a 620.1 
082 |b A466 
100 |a Altenbach, H. 
245 0 |a Mechanics 0f composite structural elements 
245 0 |c H. Altenbach, W. Kissing 
260 |a New York 
260 |b Springer 
260 |c 2004 
650 |a Composite materials 
650 |x Mechanical properties 
904 |i Tuyến 
980 |a Trung tâm Học liệu Trường Đại học Cần Thơ